<?xml version="1.0" encoding="UTF-8"?>
<record
    xmlns:xsi="http://www.w3.org/2001/XMLSchema-instance"
    xsi:schemaLocation="http://www.loc.gov/MARC21/slim http://www.loc.gov/standards/marcxml/schema/MARC21slim.xsd"
    xmlns="http://www.loc.gov/MARC21/slim">

  <leader>01642nam a22002057a 4500</leader>
  <controlfield tag="005">20260519122304.0</controlfield>
  <datafield tag="020" ind1=" " ind2=" ">
    <subfield code="a">9781041214779</subfield>
  </datafield>
  <datafield tag="041" ind1=" " ind2=" ">
    <subfield code="a">ENG</subfield>
  </datafield>
  <datafield tag="082" ind1=" " ind2=" ">
    <subfield code="a">658.022</subfield>
    <subfield code="b">MUR</subfield>
  </datafield>
  <datafield tag="100" ind1=" " ind2=" ">
    <subfield code="a">Murali, Vidya</subfield>
  </datafield>
  <datafield tag="245" ind1=" " ind2=" ">
    <subfield code="a">How to survive in a scale-up business :</subfield>
    <subfield code="b">master the human skills needed to thrive in young, high-growth businesses/</subfield>
    <subfield code="c">Vidya Murali</subfield>
  </datafield>
  <datafield tag="250" ind1=" " ind2=" ">
    <subfield code="a">Indian ed.</subfield>
  </datafield>
  <datafield tag="260" ind1=" " ind2=" ">
    <subfield code="a">New York :</subfield>
    <subfield code="b">Routledge ,</subfield>
    <subfield code="c">2026.</subfield>
  </datafield>
  <datafield tag="300" ind1=" " ind2=" ">
    <subfield code="a">xii, 154 p. ;</subfield>
    <subfield code="c">22 cm.</subfield>
  </datafield>
  <datafield tag="504" ind1=" " ind2=" ">
    <subfield code="a">includes index and bibliographical references. </subfield>
  </datafield>
  <datafield tag="505" ind1=" " ind2=" ">
    <subfield code="a">Part 1: Introduction -- 1. Why I wrote this book  -- 2. Who this is book for -- 3. How to read this book -- Part 2: Scale-ups: Understand the space -- 4. What scale-ups are -- 5. Why scale-ups are important -- 6. Are scale-ups the right place for you? -- 7. What makes scale-ups particularly challenging to work in -- Part 3: Learn to navigate scale-ups like a pro -- 8. How to find and land the right job in the right scale-up -- 9. What to do in your first 90 days -- 10. How to manage common challenging/toxic patterns that stop you from thriving -- 11. Special note for founders/co-founders -- Part 4: Learn from real-life stories -- 12. Stories of struggles -- 13. Stories of thriving -- Part 5: Let&#x2019;s focus on YOU -- 14. How to thrive when you are different: Introverts, HSPs, minorities, people with ADHD or dyslexia -- 15. How to navigate job loss -- 16. How to navigate a mental health breakdown -- 17. How to re(build) your emotional capacity -- 18. Conclusion: How to turn your insights into practice.</subfield>
  </datafield>
  <datafield tag="650" ind1=" " ind2=" ">
    <subfield code="a">Business</subfield>
    <subfield code="v">Human skills</subfield>
  </datafield>
  <datafield tag="650" ind1=" " ind2=" ">
    <subfield code="a">Growth</subfield>
    <subfield code="v">Business</subfield>
  </datafield>
  <datafield tag="942" ind1=" " ind2=" ">
    <subfield code="2">ddc</subfield>
    <subfield code="c">BK</subfield>
  </datafield>
  <datafield tag="999" ind1=" " ind2=" ">
    <subfield code="c">24347</subfield>
    <subfield code="d">24347</subfield>
  </datafield>
  <datafield tag="952" ind1=" " ind2=" ">
    <subfield code="0">0</subfield>
    <subfield code="1">0</subfield>
    <subfield code="2">ddc</subfield>
    <subfield code="4">0</subfield>
    <subfield code="7">0</subfield>
    <subfield code="a">IPE</subfield>
    <subfield code="b">IPE</subfield>
    <subfield code="c">S Campus</subfield>
    <subfield code="d">2026-05-19</subfield>
    <subfield code="e">Feel Books</subfield>
    <subfield code="g">955.00</subfield>
    <subfield code="i">11-05-2025</subfield>
    <subfield code="l">0</subfield>
    <subfield code="o">658.022 MUR</subfield>
    <subfield code="p">51072</subfield>
    <subfield code="r">2026-05-19 12:22:26</subfield>
    <subfield code="w">2026-05-19</subfield>
    <subfield code="y">BK</subfield>
  </datafield>
</record>
